Vývoj manažérskeho účtovníctva a perspektívy jeho využitia

Pojem manažérskeho účtovníctva. História od 19. st. po súčasnosť. Využitie manažérskeho účtovníctva v praxi.

Saved in:
Bibliographic Details
Main Author: Tarageľová, Mária
Format: Book
Language:Slovak
Subjects:
Tags: Add Tag
No Tags, Be the first to tag this record!

MARC

LEADER 00000nam a2200000 4500
001 r031046
005 20230929092521.9
041 0 |a slo 
044 |a SK 
245 1 0 |a Vývoj manažérskeho účtovníctva a perspektívy jeho využitia  |c Mária Tarageľová 
520 |a Pojem manažérskeho účtovníctva. História od 19. st. po súčasnosť. Využitie manažérskeho účtovníctva v praxi. 
610 2 0 |a účtovníctvo 
610 2 0 |a účtovníctvo manažérske 
610 2 0 |a účtovanie 
610 2 0 |a história 
610 2 0 |a teória a prax 
100 1 |a Tarageľová, Mária